[Event "Linares"]
[Site "Linares ESP"]
[Date "2005.02.26"]
[Round "4"]
[White "Adams, Michael"]
[Black "Vallejo Pons, Francisco"]
[Result "1-0"]
[WhiteElo "2741"]
[BlackElo "2686"]
[Annotator "Ubilava, E"]
[PlyCount "67"]
[EventDate "2005.02.23"]
[Source "EDAMI"]
[SourceDate "2006.12.20"]

{Esta partida es bastante importante para el desarrollo de la línea con 6...
Ng4 en la variante Najdorf. El gran maestro inglés utilizó la novedad con la
jugada 13.Nd5 dando otro aire a toda la variante. Creo que la reacción de las
negras no fue la adecuada. Primero, no había que cambiar los alfiles, lo que
facilitó a las blancas el dominio de la columna "f" y después, el error 23. ..
Rc5 definitivamente despeja el camino para el ataque final de las blancas.} 1.
e4 c5 2. Nf3 d6 3. d4 cxd4 4. Nxd4 Nf6 5. Nc3 a6 6. Be3 Ng4 7. Bg5 {Como demues
tran las partidas de M.Adams, él entra en la variante 6...Ng4 con mucha
ilusión y parece que le gustan las posiciones que surgen en esa continuación.}
h6 8. Bh4 g5 9. Bg3 Bg7 10. h3 Ne5 11. Be2 Nbc6 12. Nb3 b5 {diagrama.} 13. Nd5
$5 $146 {Esta jugada y la presente partida, cambian un poco nuestra opinión
sobre el salto del caballo en el centro. Anteriormente  pensábamos que la
última jugada de las blancas era mala, precisamente por la siguiente respuesta
de las negras. Pero como demuestra el jugador británico, su penetración en la
posición es más profunda.} Nc4 14. Bxc4 bxc4 15. Nd2 Bxb2 16. Rb1 Be5 $6 {
Este cambio de los alfiles negros, aunque estropea la estructura de peones de
su oponente, favorece sin embargo a las blancas, porque abre la columna "f".
Había que conservar los alfiles y todavía está por  mostrar el plan para
superar las líneas defensivas. Por ejemplo:} (16... Bg7 17. Nxc4 Be6 18. O-O
O-O) 17. Nxc4 Bxg3 18. fxg3 Be6 19. O-O Rb8 20. Rb3 Rb5 21. Kh2 O-O (21... Na5
22. Rxb5 axb5 23. Na3 Nc6 24. Nxb5 O-O {otorga a las blancas un peón de
ventaja, pero el rey negro quizás está un poco más seguro.}) 22. Nce3 Ne5 23.
c4 Rc5 $2 {Esto parece un error definitivo. Era imprescindible cambiar las
torres para disminuir el potencial de ataque de las blancas:} (23... Rxb3 24.
axb3 a5 25. Qd2 ({no parece peligroso} 25. Qh5 Kg7 26. Ra1 Bd7 {
con idea 27...e6}) 25... Bd7 26. Ra1 e6 27. Nc3 Qb6) 24. Qh5 Kh7 ({
Rapidamente pierde} 24... Kg7 {por} 25. Rb7 Nxc4 ({no aguanta} 25... Re8 26.
Nf5+ Bxf5 27. exf5 f6 28. Nxf6 Kxf6 29. Qxh6+ Kf7 30. f6) 26. Rxe7 Nxe3 27. Rf6
$1 {y las negras no tienen defensa contra Qxh6 y Rg6}) 25. Rb7 Re8 26. Nf5 Bxf5
27. exf5 Rf8 ({La jugada} 27... Qc8 {termina con un remate forzado después de}
28. Nf6+ exf6 29. Rxf7+ Kg8 (29... Nxf7 30. Qxf7+ Kh8 31. Qxf6+ Kg8 32. Qg6+
Kf8 33. f6 Qc7 34. f7 Rc8 35. Qg8+ Ke7 36. f8=Q+) 30. Rxf6 Rc7 31. Rxh6 Nf7 32.
Qg6+ Kf8 33. Qf6 Kg8 34. Rg6+ Kf8 35. Qg7+ Ke7 36. Re1+ Kd8 37. Qf6+ Rce7 38.
Rxe7 Rxe7 39. Rg8+) 28. Nxe7 Qa8 ({
Las negras también pierden la batalla si siguen} 28... Rc7 29. Rxc7 Qxc7 30. f6
Qd8 31. Rd1 Nxc4 32. h4 gxh4 33. Qf5+ Kh8 34. Qf4 hxg3+ 35. Kh1) 29. Rfb1 Rb5
30. cxb5 Qxb7 31. f6 Qe4 32. Rf1 Rh8 33. Nf5 Kg8 34. bxa6 1-0

[Event "Poikovsky"]
[Site "?"]
[Date "2005.03.03"]
[Round "5"]
[White "Dreev, Alexey"]
[Black "Dominguez, Lenier"]
[Result "1-0"]
[WhiteElo "2704"]
[BlackElo "2661"]
[Annotator "Martin, A"]
[PlyCount "73"]
[EventDate "2005.??.??"]
[Source "EDAMI"]
[SourceDate "2006.12.20"]

1. d4 d5 2. c4 c6 3. Nc3 Nf6 4. e3 e6 5. Nf3 Nbd7 6. Qc2 Bd6 7. g4 dxc4 8. Bxc4
e5 9. Bd2 {Una sorpresa ya. Normalmente todos juegan} (9. g5) 9... O-O (9...
exd4 10. Nxd4 Nb6 11. Be2 O-O 12. Nf5 Bxf5 13. Qxf5 Qc8 14. Qxc8 Raxc8 $14 {
Chabanon - Boudre. Francia 2002}) 10. O-O-O exd4 11. Nxd4 Ne5 12. Be2 Nexg4 {
Finalmente las negras ganan el peón g4 pero ahora su rey queda bajo una
duradera presión en la columna "g" y la gran diagonal  a1-h8.} 13. Rhg1 Nxf2 {
Si no se toma el segundo peón, las blancas simplemente obtienen un fuerte
ataque a cambio de un peón.} 14. Rdf1 Nh3 15. Rg2 Be5 (15... Kh8 $5) 16. Nf3
Qe7 17. Bd3 g6 (17... Rd8 $5) 18. Bc4 {Amenazando Rxg6+} Ng4 19. Nxe5 Nxe5 20.
Ne4 Kh8 (20... Be6 21. Nf6+ Kg7 22. Be2 Rfd8 23. Bc3) 21. Nf6 b5 {Las negras
tentan hacer retroceder las piezas blancas, pero sus debilitadas casillas
negras en el flanco de rey decidirán la partidas.} 22. Be2 Nd7 23. Bc3 Qxe3+
24. Kb1 Nxf6 25. Rxf6 Kg8 {y ahora llega la combinación} 26. Rgxg6+ $3 fxg6 27.
Rxg6+ Kf7 28. Rg7+ Ke6 29. Bg4+ Kd5 30. Qd1+ Ke4 31. Re7+ Kf4 32. Rxe3 ({Ahora
} 32. Be5+ Qxe5 (32... Kg5 33. Rg7+ Kh4 34. Rxh7+ Kg5 35. Rh5+ Kg6 36. Qd6+ {
conduce al mate, según el ordenador}) 33. Qf3+ Kg5 34. Rxe5+ $18 {
pero el final de la partida es también convincente.}) 32... Bxg4 33. Qd4+ Kg5
34. Qg7+ Kh5 35. Qxh7+ Kg5 36. Re5+ Rf5 37. Bd2+ 1-0

[Event "Stepanakert"]
[Site "?"]
[Date "2005.10.02"]
[Round "1"]
[White "Bologan, Viktor"]
[Black "Aronian, Levon"]
[Result "0-1"]
[WhiteElo "2682"]
[BlackElo "2724"]
[Annotator "Bologan, V"]
[PlyCount "112"]
[EventDate "2005.??.??"]
[EventType "tourn"]
[EventRounds "9"]
[EventCountry "ARM"]
[EventCategory "17"]
[Source "EDAMI"]
[SourceDate "2006.12.20"]

1. e4 e5 2. Nf3 Nc6 3. Bb5 a6 4. Ba4 Nf6 5. O-O Be7 6. Re1 b5 7. Bb3 O-O 8. h3
{Una de las maneras para evitar la AntiMarshall. Normalmente las blancas
tienen una pequeña ventaja posicional después de esta jugada.} Bb7 9. d3 d6 10.
a3 Qd7 11. Nc3 Nd8 {Antes de la partida sabía que Aronian jugaba esta maniobra,
y consideraba que la posición era buena para las blancas.} 12. Ne2 Ne6 13. Ng3
g6 14. c3 $1 {Novedad. Esto es mejor que ell cambio de alfiles como en Gelfand,
B (2709) - Shirov,A (2736), Rethymnon (Grecia) 2003} (14. Bh6 Rfe8 15. Ng5 Bf8
16. Bxf8 Rxf8 17. Nxe6 fxe6 18. Qd2 c5) 14... c5 15. d4 c4 16. Bc2 Qc7 17. Be3
a5 $1 {Levon intenta cerrar el flanco de dama.} 18. Qd2 (18. a4 b4) 18... a4
19. Ng5 (19. d5 Nc5 20. Bh6 Rfe8 21. Nh2 Bf8 22. Bxf8 Rxf8 23. f4 exf4 24. Qxf4
Nfd7 25. Nf3 f6 {=}) 19... Ne8 20. Nxe6 (20. h4) 20... fxe6 21. Bh6 Rf7 22. Ne2
Nf6 23. Qe3 Nh5 24. g4 $2 {
Siempre es malo debilitar el flanco de rey sin necesidad. Debería haber jugado}
(24. Rad1 Bf8 25. Bxf8 Raxf8 26. f3 $14 {
con una ligera ventaja para las blancas.}) 24... Nf6 (24... Nf4 25. Nxf4 exf4
26. Bxf4 Raf8 27. Bg3 Rf3 28. Qh6 Qd8 29. h4 e5 $17) 25. f3 (25. Rf1 Bf8 26.
Bxf8 Raxf8 27. f4 exf4 28. Nxf4 e5 29. dxe5 dxe5 30. Ne6 Nxg4 31. Qa7 Rxf1+ 32.
Rxf1 Rxf1+ 33. Kxf1 Qf7+ 34. Ke2 $13) 25... d5 $1 {El rey blanco está en
peligro. Pensé que esta jugada no era posible pero se me escapó la captura
intermedia en f3.} 26. dxe5 (26. Rf1 exd4 27. cxd4 e5) 26... dxe4 $1 {
Este sacrificio temporal le permite a las negras abrir completamente la
posición del rey blanco.} 27. fxe4 (27. exf6 {
era la jugada en que confiaba que simplemente pierde} Bc5 28. Nd4 Qg3+ 29. Kf1
exf3 30. Qf2 Qxh3+ 31. Kg1 Bd6 $19) (27. f4 Nd5 28. Qg3 Bf8 29. Bxf8 Raxf8 30.
Bxe4 Nxf4 31. Nxf4 Rxf4 32. Bxb7 Qxb7 33. Rf1 Qb6+ 34. Kg2 Qc6+ $19) 27... Nd7
{es más precisa que} (27... Qxe5 28. Nd4 Bd6 29. Re2 $13) 28. Nd4 Nxe5 29. Rf1
Rxf1+ 30. Rxf1 Nf7 {Tras perder el alfil las blancas tienen serios problemas
para controlar todas las casillas debiles.} 31. Kg2 (31. e5 $5 {
fue sugerida por Aronian después de la partida.} Nxh6 32. Bxg6 hxg6 33. Qxh6 {
pero creo que en nuestro análisis post-mortem ninguno de los dos vimos la
sencilla} Be4 34. Qf4 Bd5 35. Qf7+ Kh8 36. Qxg6 Qxe5 $19) 31... Nxh6 32. Qxh6
Qe5 33. Nf3 Bxe4 34. Bxe4 {Aquí mi mejor opción práctica era intentar llegar a
un final de alfiles de distinto color} (34. Qe3 Bxf3+ 35. Rxf3 Qxe3 36. Rxe3
Kf7 $17) 34... Qxe4 35. Re1 Qc2+ 36. Qd2 Qxd2+ 37. Nxd2 Kf7 38. Rf1+ {
Cuando pensé en esta posición confiaba mucho en} (38. Re5 {
pero pierde igualmente por} Rd8 39. Nf3 Rd5 40. Rxd5 exd5 41. Nd4 Bg5 42. Nxb5
Bc1 43. Kf3 Kf6 44. Ke2 Kg5 45. Kd1 Bf4 $19) 38... Ke8 39. Kf3 Rd8 40. Ke2 Rd3
41. Rf3 Rd5 42. Ne4 Re5 43. Re3 Kd7 44. Kf3 Kc6 $19 {
Las blancas pueden sencillamente abandonar} 45. Re2 Rd5 46. g5 Rf5+ 47. Kg4 Kd5
48. h4 e5 49. Kg3 Rf4 50. Nf2 Bd6 51. Rd2+ Ke6 52. Ng4 Bc7 53. Rf2 Rf5 54. Re2
e4+ 55. Kg2 Rf4 56. Nf2 Rxh4 0-1

[Event "Stepanakert"]
[Site "?"]
[Date "2005.10.10"]
[Round "8"]
[White "Nakamura, Hikaru"]
[Black "Dreev, Alexey"]
[Result "1-0"]
[WhiteElo "2662"]
[BlackElo "2694"]
[Annotator "Bologan, V"]
[PlyCount "107"]
[EventDate "2005.??.??"]
[EventType "tourn"]
[EventRounds "9"]
[EventCountry "ARM"]
[EventCategory "17"]
[Source "EDAMI"]
[SourceDate "2006.12.20"]

1. d4 d5 2. c4 c6 3. Nc3 Nf6 4. Nf3 e6 5. Bg5 h6 6. Bh4 {
Esta es la única forma que tienen las blancas para evitar la variante Moscú.}
dxc4 7. e4 g5 8. Bg3 b5 9. Be2 Bb7 10. h4 g4 11. Ne5 Nbd7 12. Nxg4 Rg8 13. O-O
b4 14. Na4 Nxe4 15. Bxc4 Qa5 16. Rc1 O-O-O 17. Bh2 {
Todo esto ya se jugó en el 2003 con un resultado decepcionante para las negras.
} Bd6 $5 {Intentando evitar la triste historia ocurrida en una partida de
Sakaev, a la vez que intenta neutralizar enseguida el alfil de h2.} (17... Qf5
18. f3 Nef6 19. Ne3 Qa5 20. Qb3 h5 21. Be2 Bh6 {??} 22. Nc4 Qd5 23. Nd6+ Kb8
24. Nxf7+ Ka8 25. Nxh6 $18 {
Sakaev,K (2656) - Rasmussen,K (2468), Copenhagen 2003 It (open) "Politiken Cup"
}) 18. Bd3 Bxh2+ 19. Nxh2 Ndf6 (19... Qd5 20. Qf3 Nef6 21. Rfd1 Rg7) 20. Bxe4
Nxe4 21. Nc5 Nxc5 22. Rxc5 Qxa2 (22... Qxc5 23. dxc5 Rxd1 24. Rxd1 $16) 23. b3
Qb2 (23... Rg7 24. g3 $1 (24. Ng4 Qb2 25. Ne5 Qxd4) (24. Nf3 Rdg8 25. g3 Rxg3+
26. fxg3 Rxg3+ 27. Kh1 Qg2#) 24... Rdg8 25. Qf3) 24. Nf3 Rg4 25. Rc2 Rgxd4 $6 {
La idea correcta pero en el momento equivocado. Es obvio que las negras
tendrán que sacrificar su tore por el caballo espléndido, pero hubiera sido
mejor cambiar las damas inmediatamente también.} (25... Qa3 $1 {Tras esta jugad
a no he podidio encontrar un camino directo a la ventaja para las blancas.} 26.
Ne5 (26. Re1 c5 27. Rxc5+ Kb8 28. g3 Qa6 29. Ne5 Rgxd4 $14) 26... Rgxd4 27. Qf3
R8d5 28. Nc4 (28. Nxc6 Bxc6 29. Rxc6+ Kd7 $14) (28. Rxc6+ Bxc6 29. Nxc6 Rd2 30.
Ne7+ Kd8 31. Nxd5 Rxd5 32. Qxf7 Qxb3 33. Qxe6 Qc4 34. Re1 Qc5 $14) 28... Rd3
29. Qxd3 Rxd3 30. Nxa3 bxa3 31. Rb1 (31. Ra1 Rxb3 32. Rca2 c5 33. Rxa3 c4 34.
Rxa7 Kc7) 31... a5 32. Ra2 c5 33. Rxa3 c4 34. Rxa5 cxb3 35. Rh5 Bd5 $14) 26.
Nxd4 Qxd4 27. Qh5 $1 {Las negras sueñan con un final en que los dos peones de
ventaja compensarán la calidad de desventaja.} Qd3 28. Rc4 Qxb3 29. Rfc1 Kb8
30. Qxh6 {
Yo hubiera preferido el peón "f" pero admito que es una cuestión de gustos.} (
30. Qe5+ Ka8 31. Qc7 Rc8 32. Qxf7 $18) 30... Qb2 31. Qf4+ e5 32. Rxb4 exf4 33.
Rxb2 $18 {El final está perdido pero Dreev le complica la vida a Nakamura lo
más que puede.} Kc7 34. Rc4 f3 35. Rf4 Rd1+ 36. Kh2 fxg2 37. Rxf7+ Kd6 38. Kxg2
Ba6 39. Rxa7 Bc4 40. f3 Ke5 41. h5 Rd8 42. h6 Bd3 43. h7 Rh8 44. Rbb7 c5 45.
Kf2 Kd4 46. Rd7+ Kc4 47. Ke3 Bf5 48. Rf7 Bb1 49. Kf4 Kd5 50. Kg5 c4 51. f4 Be4
52. Rfd7+ Kc5 53. f5 c3 54. Rac7+ 1-0

[Event "Copa del Mundo"]
[Site "Khanty Mansyisk RUS"]
[Date "2005.12.06"]
[Round "41"]
[White "Grischuk, Alexander"]
[Black "Kamsky, Gata"]
[Result "1-0"]
[WhiteElo "2720"]
[BlackElo "2690"]
[Annotator "Ubilava, E"]
[PlyCount "65"]
[EventDate "2005.11.27"]
[Source "EDAMI"]
[SourceDate "2006.12.20"]

{Estaba interesado en conocer la fuerza actual de G.Kamsky, quien había dejado
durante bastantes años la práctica ajedrecística y sólo hace poco empezó a
participar de nuevo en torneos internacionales de ajedrez. En esta partida
quedé mas que decepcionado por los pobres recursos que emplea el jugador
americano  13...Qc8?! con idea de retroceder 14...Nd8. Grischuk consigue
rápidamente las mejores posibilidades y empieza a dinamitar la posición de su
rival, primero con 24.h4 y despues con 27.Nxf6!. Las piezas negras quedan
atrapadas en muy poco espacio y Kamsky se rindió por no tener opciones de
parar el peón pasado "h".} 1. e4 e5 2. Nf3 Nc6 3. Bb5 a6 4. Ba4 Nf6 5. O-O Be7
6. Re1 b5 7. Bb3 O-O 8. h3 Bb7 9. d3 d6 10. a3 h6 11. Nc3 Re8 12. Nd5 Nxd5 (
12... Bf8 {
Parece más lógico y efectivamente es la jugada más utilizada en la práctica})
13. Bxd5 Qc8 $6 {Esta jugada tiene pinta de ser preparada el mismo día de
juego, cuando uno no tiene ninguna nueva idea y busca recursos simples, con
aspecto más bien pobre porque sirven sólo para una única meta. Con su última
jugada, Gata defiende el alfil y pretende ofrecer el cambio de alfiles blancos
despues de Nd8.} 14. c3 Nd8 15. d4 Bf6 16. Nh2 {Con esta maniobra, el gran
maestro moscovita aumenta la presión sobre la posición del enroque adversario.}
exd4 17. Ng4 Bg5 18. cxd4 Bxd5 19. exd5 {Aunque las negras consiguieron
cambiar los alfiles, se nota una gran descoordinación entre sus filas. La
cuestión solo está en si a las blancas les quedan suficientes recursos para
aprovechar esa situación.} Rxe1+ 20. Qxe1 Kf8 ({La variante} 20... Qd7 21. Bxg5
hxg5 22. Qe3 f6 23. Re1 Nf7 24. Qe6 {lleva casi a la misma posición}) 21. Bxg5
hxg5 22. Qe3 f6 23. Re1 Qd7 {diagrama} 24. h4 $1 Nf7 ({Después de} 24... gxh4
25. Qh3 (25. Nxf6 gxf6 26. Qh6+ Kg8 27. Qg6+ Kf8 28. Re4 Nf7 29. Rxh4 Ke7 30.
Re4+ {solo son tablas}) 25... Nf7 26. Qxh4 Qf5 27. Ne3 {
Grischuk mantiene una cómoda ventaja.}) 25. Qe6 Rd8 {En caso de} (25... Qxe6
26. dxe6 Nh6 27. Ne3 gxh4 28. Rc1 c5 29. dxc5 Rc8 30. c6 Ke7 31. Nd5+ Kxe6 32.
Nb6 Rc7 33. Na8 Rc8 34. c7 {las blancas deben ganar}) 26. h5 f5 {diagrama} ({
Probablemente a Kamsky no le gustaba la continuación} 26... Qxe6 27. dxe6 Re8
28. d5 Ne5 29. Ne3 c6 30. dxc6 Nxc6 31. Nf5 Ne5 32. e7+ {
con ventaja decisiva para las blancas.}) 27. Nf6 $1 {Esta decisiva incursión
del caballo blanco siembra el caos entre las piezas de su enemigo.} gxf6 28.
Qxf6 Re8 29. Re6 $1 Qd8 30. Qxf5 g4 31. Rf6 Re7 32. h6 Qd7 33. Qg6 {
También ganaba} (33. h7) 1-0

[Event "Copa del Mundo"]
[Site "Khanty Mansyisk RUS"]
[Date "2005.11.30"]
[Round "21"]
[White "Cheparinov, Ivan"]
[Black "Ivanchuk, Vassily"]
[Result "1-0"]
[WhiteElo "2618"]
[BlackElo "2748"]
[Annotator "Ubilava, E"]
[PlyCount "87"]
[EventDate "2005.11.27"]
[Source "EDAMI"]
[SourceDate "2006.12.20"]

{Por supuesto esta partida es una gran victoria de joven jugador búlgaro y
podríamos reflexionar sobre lo bien que funciona la colaboración entre Topalov
y Cheparinov, en vista de sus resultados, realmente impresionantes. Sin
embargo, voy a ser más concreto a la hora de analizar este encuentro: la causa
de la derrota del jugador ucraniano está en la elección de un plan incorrecto
en el Gambito Benko. El plan empleado por Ivanchuk en este encuentro fracasó
estrepitosamente cuando jugó 11... Qxb6?! en vez de 11...Nxb6 y después
trasladó sus torres al flanco de dama, con la ilusión de abrir el juego en ese
sector. Pero la iniciativa de las blancas en el flanco del rey fue mucho más
real y concreta, sobre todo después de la jugada 29...Bd4? que permitió al
búlgaro golpear enseguida con 31.Bxg5! tras lo que ya no hubo más tiempo para
reaccionar y todo fue forzado.} 1. d4 Nf6 2. c4 c5 3. d5 b5 4. cxb5 a6 5. b6 {
Esta jugada es un conocido método para detener la iniciativa de las negras en
el flanco de dama. Eso si, las blancas ya no pretenden mantener la ventaja
material.} d6 6. Nc3 Nbd7 7. a4 a5 8. e4 g6 9. Nf3 Bg7 10. Be2 O-O 11. O-O Qxb6
$6 {La jugada més practicada es} (11... Nxb6 12. Nd2 Ne8 13. Nc4 Nxc4 14. Bxc4
Nc7 {con una posición aceptable para las negras.}) 12. Nd2 Ba6 13. Nb5 $1 Rfb8
{Ivanchuk muestra la idea de la jugada 11...Qxb6. Las negras trasladan sus
piezas pesadas al flanco de dama con la intención de presionar las piezas
blancas en este flanco y despejar la columna "b".} 14. Qc2 Qd8 15. Nc4 Nb6 16.
Nca3 $1 {Las blancas comprenden bien la tarea que hay que hacer en primer
lugar: fortalecer el caballo en b5 y parar el avance ...c4.} Ne8 17. Rb1 Nc7
18. b3 Bxb5 19. Nxb5 {Cheparinov ha completado con éxito su labor en el flanco
de dama, porque las negras no pueden abrir la columna para sus torres. A
partir de ahora, el gran maestro búlgaro puede disfrutar de su superioridad en
el flanco de rey, donde tiene una clara ventaja en espacio.} Na6 20. Bg5 Nb4
21. Qd2 Qd7 22. f4 Rb7 23. f5 $1 {Aunque la casilla "e5" tiene importancia, la
dinámica de la iniciativa blanca crece muy rápido y es el factor que tiene
mayor importancia.} Qe8 24. Rf3 Nd7 25. Rbf1 Be5 ({Quizás fuera un poco mejor} 
25... Ne5 26. Rh3 {(con idea de Qe1-h4)} f6 27. Be3 Qf7 28. Qe1 g5 {
y probablemente resulta más difícil romper esta posición.}) 26. Rh3 f6 27. Be3
g5 28. g4 {Las blancas preparan la ruptura h2-h4 después de Rh5.} Rc8 29. Bc4
Bd4 $2 {
Esto es un grave error. Todavía se podía defender la posición después de} (
29... Qf7 30. Rh5 Qg7 31. Rf3 Kf7 32. h4 gxh4 33. Rxh4 Rh8) 30. Nxd4 cxd4 {
diagrama} 31. Bxg5 $1 {Un golpe definitivo, porque las blancas derriban
fácilmente el resto de las defensas negras. Además, las torres negras no
pueden ayudar a su ejército.} Ne5 ({Si} 31... fxg5 32. Qxg5+ Kh8 33. Rxh7+ Kxh7
34. Rf3) 32. Bh6 d3 ({Después de} 32... Nxc4 33. bxc4 Rxc4 34. g5 {
no hay manera de defender la posición}) 33. g5 Qf7 34. Rg3 Kh8 35. g6 $1 {
Las blancas rompen la última barrera defensiva y ganan de manera forzada.} hxg6
36. fxg6 Nxg6 (36... Qe8 37. Qd1 Kg8 38. Qh5 {también es definitivo.}) 37. Rf5
Ne5 38. Bf8 (38. Bg7+ {llevaba a las mismas variantes pero era más corto.})
38... Qh7 39. Bg7+ Qxg7 40. Rh5+ Kg8 41. Rxg7+ Kxg7 42. Qh6+ Kf7 43. Qh7+ Ke8
44. Qf5 1-0